000 00654nam a22002297a 4500
003 UA-OsUOA
001 93130
007 ta
008 20130115b un ||||| |||| 00| 0 ukr d
100 _aГинзбург Л.
090 _a821.161.1
_bГ49
942 _cBK
040 _aUA-OsUOA
_brus
_cUA-OsUOA
_dUA-OsUOA
245 _aЧеловек за письменным столом
_bэссе
300 _a608 с.
955 _a3
041 _arus
080 _a821.161.1
260 _aЛенинград
_bСоветский писатель
_c1989
650 7 _a82 Література. Літературознавство
_2UDC
999 _c379209
_d379209